000 00563nam a2200181Ia 4500
008 090123s9999 xx 000 0 und d
082 _b36725
100 _aमहाजन जगन्नाथ
245 _aसात राजपुत्र
250 _a0
260 _bश्रीराम प्रकाशन
300 _a32
600 _aमहाजन जगन्नाथ
630 _aसात राजपुत्र
700 _aमहाजन जगन्नाथ
730 _aसात राजपुत्र
942 _cBOOK
999 _c74793
_d74793